History Quiz

Random History or Word Play Quiz
Score 0/30 Timer 09:00
2 Plays Today
Clue Presidential Rhyme % Correct
Cleveland's lucky 4-leaf plantGrover's Clover
96.3%
Barack's bedtime attireObama's Pajamas
94.3%
What George H. W. once gave to the child George W. on the swing setBush Push
86.5%
Make a vow to JeffersonPromise Thomas
85.3%
Jimmy's haggling during a treaty negotiationCarter's Barter
85.1%
Fake the signature of WashingtonForge George
82.4%
Ulysses' potted philodendronGrant's Plant
82.2%
Rutherford covers the restaurant bill himselfHayes Pays
78.6%
26th President Roosevelt is prepared to startTeddy's Ready
78.3%
Harry the homo sapiensHuman Truman
71.2%
Nixon's magic featsDick's Tricks
70.5%
Madison selected these after his eye examJames' Frames
70%
'Pack-Rat' Gerald's stockpileFord's Hoard
68.9%
Herbert's HeimlichHoover's Maneuver
68.7%
Ronald's polytheistic heathen supportersReagan's Pagans
68.6%
Clue Presidential Rhyme % Correct
Secret Service's responsibility with regard to WarrenGuarding Harding
67.4%
Van Buren's packing boxMartin's Carton
67.3%
Taylor's frozen strawberry & rum beverageZachary's Daiquiri
63.3%
Inspired by Rodin, a cogitatin' AbrahamThinkin' Lincoln
62.7%
What Lyndon was called after he relocated to Green BayWisconsin Johnson
61.4%
Clinton's exceptional talentBill's Skill
60.5%
President Arthur's synthetic fabricChester's Polyester
57.7%
Eisenhower's cycling vehicleIke's Bike
57.4%
14th president Franklin, in a savagely angry moodFierce Pierce
55.3%
27th President William's first copy of his essay on selective serviceTaft's Draft
54%
9th President William's military postHarrison's Garrison
49.4%
10th President John's hairdresserTyler's Styler
48.7%
Hypothetical course of action for Wilson, using a boat oar (3 wds)Woodrow Could Row
43.7%
Aquatic pet that young Kennedy named 'Cygnus'John's Swan
38.9%
15th President James' set of personal standards and principlesBuchanan's Canon
20.6%
Remove Ads.
Support Sporcle.
Get the best of Sporcle when you Go Orange. This ad-free experience offers more features, more stats, and more fun while also helping to support Sporcle. Thank you for becoming a member.

You're not logged in!

Compare scores with friends on all Sporcle quizzes.
OR
Log In

Show Comments

Extras

Top Quizzes Today


Score Distribution

Your Account Isn't Verified!

In order to create a playlist on Sporcle, you need to verify the email address you used during registration. Go to your Sporcle Settings to finish the process.

Report this User

Report this user for behavior that violates our Community Guidelines.

Details: